000
00283nam a22001337a 4500
008
180608b xxu||||| |||| 00| 0 eng d
020
_a
9789995677510
041
_a
eng
080
_a
070
100
_a
40
101
_a
MK
245
_a
Gazetaria politike
_c
Kuhn,R
942
_2
udc
_c
BK
999
_c
46609
_d
46609